| Tag |
First Indicator |
Second Indicator |
Subfields |
| LEADER |
00000cam a2200000 4500 |
| 001 |
in00000707721 |
| 005 |
20151016053144.0 |
| 008 |
720622s1966 nyu b 00010 eng |
| 010 |
|
|
|a 66011149
|
| 035 |
|
|
|a (OCoLC)00338723
|
| 035 |
|
|
|9 ADB9584AM
|
| 040 |
|
|
|a DLC
|c WSU
|d OCL
|d TXA
|d UtOrBLW
|
| 049 |
|
|
|a TXAM
|c [470625]
|
| 050 |
|
0 |
|a PN4145
|b .S53
|
| 082 |
0 |
|
|a 807
|
| 092 |
|
|
|a 808.54
|b S634o
|
| 100 |
1 |
|
|a Sloane, Thomas O.
|
| 245 |
1 |
4 |
|a The oral study of literature /
|c [by] Robert Beloof [and others] Edited with an introd. by Thomas O. Sloan.
|
| 264 |
|
1 |
|a New York :
|b Random House,
|c [1966]
|
| 300 |
|
|
|a xii, 209 pages ;
|c 19 cm.
|
| 336 |
|
|
|a text
|b txt
|2 rdacontent
|
| 337 |
|
|
|a unmediated
|b n
|2 rdamedia
|
| 338 |
|
|
|a volume
|b nc
|2 rdacarrier
|
| 490 |
0 |
|
|a Studies in speech, SSP3
|
| 504 |
|
|
|a Includes bibliographical references.
|
| 650 |
|
0 |
|a Oral interpretation.
|
| 650 |
|
0 |
|a Literature
|x Study and teaching.
|
| 700 |
1 |
|
|a Beloof, Robert,
|d 1923-2005.
|
| 999 |
|
|
|a MARS
|
| 999 |
f |
f |
|s 9c0cb21a-c882-3aa4-a61b-ff230f26c300
|i 45c15f53-0524-38c0-892d-bf5de8aed009
|t 0
|
| 952 |
f |
f |
|p ric
|a Texas A&M University
|b Rellis Campus
|c Joint Library Facility
|d Remote Storage
|t 0
|e PN4145 .S53
|h Library of Congress classification
|i unmediated -- volume
|m A14801201533
|
| 998 |
f |
f |
|a PN4145 .S53
|t 0
|l Remote Storage
|